[Event "2nd Silman TNM: 2000+"]
[Site "San Francisco"]
[Date "2025.05.27"]
[Round "4.9"]
[White "Winslow, Elliott"]
[Black "Cawthon, Jeremy David"]
[Result "1/2-1/2"]
[Annotator "Winslow,Elliott"]
[WhiteElo "2200"]
[BlackElo "2009"]
[PlyCount "126"]
[GameId "2182650047174606"]
[EventDate "2025.??.??"]

1. e4 c6 2. d4 d5 3. exd5 cxd5 4. c4 Nf6 5. Nc3 Nc6 6. Nf3 (6. Bg5) 6... Bg4 7. cxd5 Nxd5 8. Qb3 Bxf3 9. gxf3 e6 10. Qxb7 Nxd4 11. Bb5+ Nxb5 12. Qc6+ Ke7 13. Qxb5 (13. Qc5+ $5 Nd6 $1 (13... Ke8 14. Qxb5+ Qd7 15. Nxd5 exd5 {since 15...Qxd5 is illegal (!)} 16. Qd3 Bb4+ 17. Kf1 f6 18. Kg2 Kf7 19. Bf4 {White is 4-0 here, including the not-quite-first game Grischuk,A (2737)-Vidit,S (2689) Doha 2016 (1-0 (39)).}) 14. Nxd5+ {There have been 105 databased games in the last four or so years here.} {Interestingly} Kd7 {has scored better} ({than} 14... exd5) {Black has even won a couple after} 15. Nc3 Qb6 (15... Qc8 $5) 16. Qh5 Rc8 $5 {-- oh wait: (1) it's the same game twice (2) it's a blitz game <sigh>.}) 13... Qd7 14. Nxd5+ Qxd5 15. Qxd5 exd5 {[#]} 16. Be3 (16. O-O $5) (16. Bf4 $5) 16... Ke6 17. O-O-O Bb4 18. a3 Rhc8+ 19. Kb1 Bc5 $11 {Black actually has a plus score here, but Stockfish 17.1 makes it 0.00.} 20. Rhe1 Bxe3 21. Rxe3+ Kd6 22. Red3 Rc5 23. b4 Rb5 24. Kb2 a5 25. Kb3 axb4 26. axb4 g5 27. Rd4 Ke5 28. R4d3 h5 29. h3 f6 30. Re3+ Kf5 31. Red3 Kf4 32. Re3 Ra7 33. Rd4+ Kf5 34. Rd1 Ra8 35. Red3 Kf4 {[#]} 36. Re3 (36. Rxd5 Rxd5 37. Rxd5 Kxf3 38. Rf5+ $8 Kg2 39. f4 $1 $11 g4 40. hxg4 hxg4 41. Rxf6 g3 42. f5 Kf2 43. Rg6 g2 {and there are *still* 7 moves here with "0.00"...}) 36... Ra7 37. Rd4+ Kf5 38. Rd1 {Black has some flicker of plus, but quickly back to nothing.} Rd7 {[#]} 39. Ka4 {Pseudo-ambitious -- i.e. risky.} Rb8 40. b5 {still nothing for nobody} d4 $5 {But this *does* require me to find an only move!} 41. Rb3 $1 Kf4 $6 {And even then, Black starts to cook up a little something.} (41... Ke5 $5 {even earns a !} 42. Re1+ Kf4 43. Re4+ Kf5 44. Re2 $1 {(another only move)} Rd5 (44... h4 $5) {and now} 45. Rd2 {and} ({and} 45. Ka5 {are the only moves})) 42. Kb4 {[#]} (42. b6 $2 Rd6 $1 43. Ka5 (43. Rdb1 d3) 43... Ra8+ $1 44. Kb5 Rxb6+ $1 {there a a few skewer shots like this around, which White must avoid.}) 42... Ke5 $6 ({It turns out that} 42... h4 $5 {is a sensible move; in variations where White's h-pawn goes, the pawn is one square closer to queening. It's amazing how endgames can hang on just that sort of little edge.}) 43. Kc4 Rc7+ 44. Kd3 Rc3+ $5 {Firing off his precious few remaining bullets.} 45. Rxc3 dxc3 {[#]} 46. Rb1 (46. Rc1 Rxb5 47. Rxc3 Rb1 48. Rc5+ Kd6 49. Rc3 $11 {the threat of Ke4-f5 barely thwarts ...Rh1.}) 46... Kf4 47. Ke2 $1 Re8+ 48. Kf1 Kxf3 49. Rb3 Rc8 50. b6 {White sees the certain draw in the distant horizon.} Kf4 (50... Ke4 51. b7 Rb8 52. Rxc3 Rxb7 53. Kg2 {is a fairly easy draw}) 51. b7 Rb8 {[%cal Gc1b1,Gb1b2,Gb2b3,Gb3a4,Ga4b4,Gb4c4,Gc4d3,Gd3e2,Ge2f1,Bf1e2,Be2d3,Bd3c3,Bc3d4,Bd4e4,Be4f5,Bf5f6,Bf6e6,Be6d6] White's king covers a lot of territory (so does Black's, for that matter).} 52. Ke2 (52. Rxc3 Rxb7 53. Kg2) 52... Re8+ 53. Kd3 (53. Kf1 Rb8 (53... c2 54. Rc3)) 53... Rb8 54. Kxc3 Kf3 55. Kd4+ Kxf2 56. Ke4 Kg2 57. Kf5 Kh2 58. Kxf6 g4 59. hxg4 hxg4 60. Rb2+ Kh3 61. Ke6 g3 62. Kd6 g2 63. Rxg2 Rxb7 1/2-1/2

[Event "2nd Silman TNM: 2000+"]
[Site "San Francisco"]
[Date "2025.05.27"]
[Round "4.10"]
[White "Senthilkumar, Pranav"]
[Black "Sankar, Arjun"]
[Result "1-0"]
[Annotator "Winslow,Elliott"]
[WhiteElo "2198"]
[BlackElo "1905"]
[PlyCount "109"]
[GameId "2182650047174607"]
[EventDate "2025.??.??"]

1. d4 d5 2. c4 c6 3. Nc3 Nf6 4. e3 g6 5. Nf3 Bg7 6. Be2 O-O 7. O-O dxc4 8. Bxc4 Bf5 9. Re1 Ne4 10. Nxe4 Bxe4 11. Ng5 Bd5 12. Bd3 h6 13. Nf3 Bxf3 14. Qxf3 e5 15. Rd1 {[#]} Nd7 $6 (15... exd4 16. exd4 Nd7) 16. d5 $1 cxd5 17. Qxd5 Rb8 $4 (17... Rc8 $1 $14) 18. Bxg6 $18 Qf6 (18... Qh4 $142) 19. Bb1 Rfd8 20. Qe4 Nc5 21. Qh7+ Kf8 22. Bd2 Qb6 23. Bc2 $1 Qxb2 24. Rdb1 $1 Qxa1 25. Rxa1 Rxd2 26. Rd1 $1 Rbd8 27. Rxd2 Rxd2 28. Qf5 b6 29. g4 Kg8 30. h4 e4 31. Bb3 Nxb3 32. axb3 Rb2 33. Qd5 Bc3 34. Qxe4 Rxb3 35. g5 hxg5 36. hxg5 Kg7 37. Qh4 a5 38. Qh6+ Kg8 39. g6 fxg6 40. Qxg6+ Kf8 41. Qf5+ Ke7 42. Qe4+ Kd6 43. Qc4 Ra3 44. e4 Bb4 45. Qd4+ Kc7 46. e5 Bc5 47. Qd5 Ra4 48. Qf7+ Kd8 49. Qf6+ Kc7 50. e6 Re4 51. Kf1 a4 52. Qf5 Rb4 53. Qf7+ Kb8 54. e7 Bxe7 55. Qe8+ 1-0

[Event "2nd Silman TNM: 2000+"]
[Site "San Francisco"]
[Date "2025.05.27"]
[Round "4.11"]
[White "Lewis, Edward"]
[Black "Srinivasan, Sivavishnu"]
[Result "0-1"]
[Annotator "Winslow,Elliott"]
[WhiteElo "1950"]
[BlackElo "2068"]
[PlyCount "126"]
[GameId "2182650047174608"]
[EventDate "2025.??.??"]

1. Nf3 Nf6 2. c4 e6 3. g3 d5 4. Bg2 dxc4 5. Qa4+ Nbd7 6. Qxc4 a6 7. a4 b5 {[#]} 8. Qc2 Bb7 9. axb5 axb5 10. Rxa8 Bxa8 11. d3 Bb4+ 12. Nc3 O-O 13. O-O c6 14. Bd2 Nb6 15. Ra1 Bxc3 16. bxc3 Qe7 {[#]} 17. c4 bxc4 18. Qb2 Nfd5 19. e4 Qf6 20. Qa3 Nc7 21. Bc3 Qd8 {[#]} 22. Bxg7 Kxg7 23. Qb2+ Qf6 24. e5 Qf5 25. Qxb6 Nd5 26. Qd4 Qxd3 27. Qg4+ Kh8 28. Bf1 Qg6 29. Qxc4 Qf5 30. Bg2 Rd8 31. Qh4 Rb8 32. h3 Nc3 33. Qf6+ Qxf6 34. exf6 Nd5 35. Ne5 Nxf6 36. Nxf7+ Kg7 37. Ne5 Nd5 38. Ra7+ Kg8 39. Be4 Nf6 40. Bxc6 Bxc6 41. Nxc6 Rb2 42. Ne5 Ne4 43. Nd3 Rd2 44. Ra4 Nc3 45. Rg4+ Kf7 46. Rf4+ Ke7 47. Rf3 Ne2+ 48. Kg2 Nd4 49. Re3 Nc2 50. Kf3 Nxe3 51. Kxe3 Ra2 52. h4 Kf6 53. Ne1 Kf5 54. Kf3 h5 55. Ng2 Ra3+ 56. Ne3+ Ke5 57. Ke2 Rb3 58. Kf3 Rc3 59. Ke2 Ke4 60. Nf1 Rc2+ 61. Nd2+ Kd4 62. Ke1 Kd3 63. Nb3 Rc3 0-1

[Event "2nd Silman TNM: 2000+"]
[Site "San Francisco"]
[Date "2025.05.27"]
[Round "4.12"]
[White "Paragiri, Reyansh"]
[Black "Mercado, Adam"]
[Result "1-0"]
[Annotator "Winslow,Elliott"]
[WhiteElo "2015"]
[BlackElo "1958"]
[PlyCount "93"]
[GameId "2182650047174609"]
[EventDate "2025.??.??"]

1. e4 c5 2. Nf3 Nc6 3. d4 cxd4 4. Nxd4 Nf6 5. Nc3 e5 6. Ndb5 d6 7. Bg5 a6 8. Na3 b5 9. Nd5 Be7 10. Bxf6 Bxf6 11. c3 Bg5 12. Be2 (12. Nc2 O-O 13. a4) 12... O-O 13. O-O Ne7 14. Nxe7+ Qxe7 15. Nc2 f5 16. exf5 Bxf5 17. Nb4 Be4 18. Bd3 Bb7 19. Bc2 Kh8 20. Nd5 {[#]} Qf7 21. Qd3 g6 22. Rad1 Rad8 23. Bb3 Qd7 24. f3 Bxd5 25. Bxd5 Qa7+ 26. Kh1 Be3 27. Qe2 Bb6 28. Be4 Rf6 29. Rd5 Bc5 30. Rfd1 Qc7 31. Qd3 Bb6 {[#]} 32. a4 Bc5 33. axb5 axb5 34. b4 Bf2 35. Rxb5 Rf4 36. Rb7 Qc8 37. Re7 Rf6 38. Rxe5 Qd7 39. Rd5 Qg7 40. Qe2 Bb6 41. c4 Rff8 42. Rxd6 Rxd6 43. Rxd6 Qc3 44. Qd2 Qe5 45. g3 Bc7 46. Rd7 Rb8 47. Qh6 1-0

[Event "2nd Silman TNM: 2000+"]
[Site "San Francisco"]
[Date "2025.05.27"]
[Round "4.13"]
[White "Ivanenko, Anthony Vladimir"]
[Black "Walder, Michael"]
[Result "0-1"]
[Annotator "TA"]
[WhiteElo "1913"]
[BlackElo "2012"]
[PlyCount "124"]
[GameId "2182650047174610"]
[EventDate "2025.??.??"]

1. d4 Nf6 2. c4 g6 3. Nf3 Bg7 4. Nc3 d5 5. cxd5 Nxd5 6. e4 Nxc3 7. bxc3 c5 8. h3 O-O 9. Be2 Nc6 10. Be3 (10. dxc5 Bxc3+ 11. Bd2 Bxa1 12. Qxa1 Re8 $17) 10... cxd4 11. cxd4 {Threatening 0-0.} Qa5+ 12. Bd2 Qa3 {[#] The position is equal.} 13. d5 Ne5 {and ...Nd3+ should not be overlooked} 14. O-O Nxf3+ 15. Bxf3 Bxa1 16. Qxa1 f6 17. Rb1 a5 {0.62/29 [#] Inhibits Bb4.} (17... Rf7 $11 {[%eval 12,29]}) 18. Rb3 $146 {[%eval 17,33]} (18. Bh6 $14 {[%eval 62,29]} Rf7 19. Rb6) ({Predecessor:} 18. e5 fxe5 19. Qxe5 Qd6 20. Qe3 Bd7 21. Bc3 b5 22. Re1 Rac8 23. Be5 Qc5 24. Bd4 Qd6 25. Be5 Qc5 26. Bd4 Qd6 {½-½ Babula,V (2556)-Plat,V (2539) SVK-chT 1718 Slovakia 2017 (11.2)}) 18... Qd6 $11 19. Qb2 b5 $1 20. Rxb5 {[%eval -36,31]} (20. a3 $11 {[%eval 6,35]}) 20... Ba6 {[%eval 0,39]} (20... Bd7 $1 $15 {[%eval -36,31] is superior.} 21. Rb3 (21. Rxa5 Rxa5 22. Bxa5 Rb8 $17) 21... Rfb8) ({Stockfish 17.1:} 20... Bd7 21. Rb6 Rab8 22. Rxd6 Rxb2 23. Rxd7 Rxd2 24. Rxe7 h5 25. h4 Rxa2 26. d6 Rd2 27. Ra7 Rxd6 28. Rxa5 Re8 29. Ra4 Rb8 30. Kh2 Kh7 31. e5 fxe5 32. Be4 Rb2 33. Ra5 Kg7 34. Rxe5 Rxf2 35. Ra5 Rfd2 36. Bf3 {[%eval -37,30]}) 21. Rb6 {[%eval -50,37]} ({Reject} 21. Rxa5 Rab8 22. e5 fxe5 $15 (22... Rxb2 23. exd6 exd6 24. Bc3 $15)) (21. Rb3 $11 {[%eval 0,39]}) 21... Rfb8 22. Bxa5 Rxb6 23. Qxb6 Qxb6 24. Bxb6 $15 {Endgame KRB-KB} Bd3 25. Bc5 $2 {[%eval -156,35]} (25. e5 $1 $11 {[%eval -4,37]} Ra6 (25... Rxa2 26. d6 $15) 26. Bd8) 25... Rxa2 $2 {[%eval 0,49]} (25... Kf7 $17 {[%eval -156,35]} 26. a3 Rc8) 26. Bxe7 $11 Kf7 27. d6 {Strongly threatening e5!.} Bc4 28. Bd8 Rd2 29. Bc7 Be6 30. g4 Bd7 31. Kg2 Bc6 32. Kf1 Ke8 33. Be2 Kd7 34. f3 Rb2 35. h4 Bb5 36. Bxb5+ Rxb5 {KR-KB} 37. Kf2 h5 38. Kg3 Ke6 39. gxh5 Rxh5 40. Kg4 Rb5 41. f4 Rb4 42. e5 {[%eval -7177,23]} fxe5 $19 43. d7 Rxf4+ ({Weaker is} 43... Kxd7 44. Bxe5 Ke6 45. Kg5 $11 (45. h5 gxh5+ 46. Kxh5 Kf5 $11)) 44. Kg3 Kxd7 45. Bxe5 Rf5 46. Bf4 Ke6 47. Kg4 Kd5 48. Bg5 Ke4 $2 {[%eval -88,27]} (48... Rf1 $19 {[%eval -7988,30]} 49. Bd2 Rg1+ 50. Kf4 Rd1) {This costs White the game.} 49. Kg3 $2 {-#43/45 [#]} (49. h5 $17 {[%eval -88,27]}) 49... Rf3+ 50. Kg4 Rf1 51. Kg3 Kf5 52. Bd8 Rd1 {[%eval -32707,53]} (52... Rg1+ $19 {[%eval -8308,35]} 53. Kf3 Rh1) 53. Bg5 Rd3+ 54. Kf2 Kg4 55. Be7 Rd2+ 56. Kg1 Kg3 57. Kf1 Rd1+ {[%eval -5140,15]} (57... Rd4 $142 {[%eval -32709,38]} 58. Bg5 Rxh4 59. Ke2 Rh5 60. Bc1 g5 61. Ke3 g4 62. Ke4 Kh3 63. Be3 Rb5 64. Kf4 g3 65. Ba7 Rb1 66. Ke4 g2 67. Bc5 g1=Q (67... g1=B $2 68. Bf8 $19) 68. Bxg1 Rxg1 69. Kd4 Rd1+ 70. Kc4 Kg3 71. Kc3 Kf4 72. Kc4 Ke5 73. Kc3 Rd4 74. Kc2 Ke4 75. Kc3 Ke3 76. Kc2 Rc4+ 77. Kb3 Kd3 78. Kb2 Rb4+ 79. Ka3 Kc3 80. Ka2 Ra4+ 81. Kb1 Ra8 82. Kc1 Ra1#) 58. Ke2 Rh1 {Black mates.} 59. Bg5 Rxh4 60. Bxh4+ Kxh4 61. Kf2 g5 62. Kf1 Kh3 {Weighted Error Value: White=0.53/Black=0.37} 0-1

[Event "2nd Silman TNM: 2000+"]
[Site "San Francisco"]
[Date "2025.05.27"]
[Round "4.14"]
[White "Zavgorodniy, Andrew"]
[Black "Horowitz, Phineas F"]
[Result "1-0"]
[Annotator "Winslow,Elliott"]
[WhiteElo "1937"]
[BlackElo "1921"]
[PlyCount "87"]
[GameId "2182650047178707"]
[EventDate "2025.??.??"]

1. c4 Nf6 2. g3 g6 3. Bg2 Bg7 4. Nc3 d6 5. d4 O-O 6. h3 Nbd7 7. Nf3 c6 8. e4 e5 9. O-O Re8 10. Re1 Qc7 11. d5 a5 12. Be3 Nc5 13. Nd2 Bd7 14. Bf1 h6 15. b3 Nh7 16. f3 f5 17. Bf2 Rf8 18. a3 Be8 19. b4 axb4 20. axb4 Rxa1 21. Qxa1 Na6 22. Qb2 c5 {[#]} 23. bxc5 Nxc5 24. Rb1 fxe4 25. Ncxe4 Nxe4 26. Nxe4 Qf7 27. Bg2 Ng5 28. Nxg5 hxg5 29. Qxb7 Qf5 30. Qb6 Qc2 31. Qb3 Qf5 32. g4 Qf7 33. Be3 Qf6 34. Qd3 Bd7 35. Rb7 Ba4 36. Ra7 Be8 37. Ra6 Bd7 {[#]} 38. c5 e4 39. fxe4 Qe5 40. Rxd6 Qg3 41. Rxg6 Kh7 42. Rxg7+ Kh8 43. Rxd7 Qe1+ 44. Kh2 1-0

[Event "2nd Silman TNM: 1600-1999"]
[Site "San Francisco"]
[Date "2025.05.27"]
[Round "4.15"]
[White "Mays-Smith, Isaac S"]
[Black "Admassu, Yonathan"]
[Result "1-0"]
[WhiteElo "1643"]
[BlackElo "1661"]
[PlyCount "61"]
[GameId "2182650047178708"]
[EventDate "2025.??.??"]

1. d4 Nf6 2. c4 g6 3. Nf3 Bg7 4. Nc3 d6 5. e4 O-O 6. h3 e5 7. dxe5 dxe5 8. Qc2 Na6 9. Be3 Nh5 10. Rd1 Qe8 11. Be2 Nf4 12. O-O f5 13. Bxf4 exf4 14. e5 h6 15. c5 g5 16. Bc4+ Kh8 17. Rfe1 Be6 18. Bxe6 Qxe6 19. Nd4 Qg6 20. Nd5 Rae8 21. Nf3 Re6 22. Nd4 Rxe5 23. Rxe5 Bxe5 24. Ne7 Qf6 25. Ndxf5 Re8 26. Nd5 Qe6 27. Nfe7 Qxe7 28. Nxe7 Rxe7 29. Qf5 Nxc5 30. b4 a6 31. Rd7 1-0

[Event "2nd Silman TNM: 1600-1999"]
[Site "San Francisco"]
[Date "2025.05.27"]
[Round "4.17"]
[White "Yan, Rayna"]
[Black "Pickering, Carl Anthony"]
[Result "1-0"]
[Annotator "Winslow,Elliott"]
[WhiteElo "1681"]
[BlackElo "1621"]
[PlyCount "71"]
[GameId "2182650047178709"]
[EventDate "2025.??.??"]

1. d4 Nf6 2. c4 a6 3. Nc3 c5 4. d5 b5 5. cxb5 axb5 6. Nxb5 e6 7. dxe6 fxe6 8. e3 d5 9. Nf3 Nc6 10. Nc3 Bd6 11. Bb5 Bd7 12. O-O O-O 13. b3 Ne5 14. Bxd7 Nxf3+ 15. Qxf3 Nxd7 16. Qe2 Rf6 17. Bb2 {[#]} Bxh2+ 18. Kxh2 Rh6+ 19. Kg1 Qh4 20. f3 Rf8 21. Qe1 Ne5 22. Qxh4 Rxh4 23. Rad1 Nc6 24. Ba3 Nb4 25. Bxb4 cxb4 26. Nb5 Rh6 27. Rc1 Ra8 28. Rf2 Rf6 29. Rfc2 Kf7 30. Rc7+ Kg6 31. R1c2 h5 32. Rb7 Rff8 33. Nd4 e5 34. Ne6 Rg8 35. Rxb4 Rge8 36. Nc7 1-0

[Event "2nd Silman TNM: 1600-1999"]
[Site "San Francisco"]
[Date "2025.05.27"]
[Round "4.18"]
[White "Boyer, John"]
[Black "Tam, Hoa Long"]
[Result "0-1"]
[Annotator "Tam,Hoa Long"]
[WhiteElo "1669"]
[BlackElo "1564"]
[PlyCount "82"]
[GameId "2182650047178710"]
[EventDate "2025.??.??"]

1. e4 c5 2. Nf3 Nc6 3. Bb5 g6 4. c3 Bg7 $14 (4... Nf6 {White wants to get d2-d4 in quickly. Developing slowly with ...Bg7 gives White a great center and it scores great for White in the master's database. This move provokes e4-e5 and transposes into an Alapin.} 5. e5 Nd5 6. d4 cxd4 7. Qb3 Nc7 $10) 5. O-O (5. d4 cxd4 6. cxd4 Nf6 7. Nc3 $14) 5... e5 6. d3 $10 (6. d4 cxd4 7. cxd4 exd4 8. Bf4 Nge7 9. Bd6 $14) 6... Nge7 7. Be3 d6 8. Qd2 $6 $15 {This move prepares to trade my g7 bishop. That trade will take two more tempi and result in getting rid of my bad bishop for White's good bishop. Additionally, the queen prevents the knight from developing.} (8. d4 exd4 9. cxd4 O-O 10. Nc3 $10) 8... O-O 9. Bh6 Be6 $10 {This is a bit slow. The bishop is just going to get kicked around a bit.} (9... Bg4 10. Bxg7 Kxg7 11. Qe3 f5 12. h3 f4 13. Qe2 Bh5 14. Nbd2 a6 $15) 10. Ng5 Bg4 11. Bxg7 Kxg7 12. f3 Bd7 13. f4 f6 14. Nh3 $6 $15 (14. Nf3 a6 15. Ba4 b5 16. Bb3 $10) 14... a6 15. Ba4 b5 16. Bb3 a5 17. a4 b4 18. Rf3 Qb6 19. Bc4 Bg4 20. Rg3 h5 21. Nf2 f5 22. Nxg4 hxg4 23. exf5 gxf5 24. h3 exf4 25. Qxf4 Ng6 $6 {Qxd6 winds up working out well for me, but this gets a ?! because I got confused calculating both Ng6 and Ne5 and completely lost track of the d6 pawn.} 26. Qxd6 $6 $17 {Opening up files for my rooks is more than enough compensation for the pawn.} Rad8 27. Qe6 Qc7 (27... Rde8 28. Qd6 (28. Qd5 Qc7 $19) 28... Re1+ 29. Kf2 Rfe8 $17) 28. Qe1 Rde8 29. Qf2 Re5 30. Re3 (30. Nd2 Rfe8 31. Rf1 Re2 $17) 30... f4 31. Re4 Rxe4 32. dxe4 Nce5 33. Bd5 g3 34. Qf1 c4 35. Nd2 Qc5+ 36. Kh1 Nd3 37. Qf3 Nf2+ 38. Kg1 Ne5 {The queen must either go to e2, taking away the king's escape square, or give up the ability to sacrifice on f2.} (38... Nxh3+ 39. Kf1 Ne5 $19) 39. Qh5 (39. Qe2 Nxh3+ 40. Kf1 (40. Kh1 Qg1+ 41. Rxg1 Nf2+ 42. Qxf2 Rh8#) 40... Qg1#) 39... Nxh3+ 40. Kh1 (40. Kf1 Qf2#) 40... Qg1+ 41. Rxg1 Nf2# 0-1

[Event "2nd Silman TNM: 1600-1999"]
[Site "San Francisco"]
[Date "2025.05.27"]
[Round "4.19"]
[White "Touset, Stephen"]
[Black "Babayan, Gagik"]
[Result "0-1"]
[WhiteElo "1545"]
[BlackElo "1725"]
[PlyCount "68"]
[GameId "2182650047178711"]
[EventDate "2025.??.??"]

1. d4 Nf6 2. Bf4 d6 3. e3 g6 4. Nf3 Bg7 5. h3 Nbd7 6. Bh2 c5 7. c3 cxd4 8. cxd4 O-O 9. Be2 Nb6 10. Nc3 Nbd5 11. Rc1 Nxc3 12. bxc3 Qa5 13. O-O Qxa2 14. Nd2 Qa5 15. Bf3 Rb8 16. Nc4 Qc7 17. Qd3 Bd7 18. Rb1 b5 19. Nd2 Bc6 20. e4 Bd7 21. Rfc1 Bh6 22. e5 Ne8 23. h4 Bxd2 24. Qxd2 Ng7 25. g4 f6 26. exd6 exd6 27. h5 g5 28. h6 Ne6 29. Re1 Rbe8 30. Bd5 Kh8 31. Qa2 Nf4 32. Bxf4 gxf4 33. f3 Qxc3 34. Qxa7 Rxe1+ 0-1

[Event "2nd Silman TNM: 1600-1999"]
[Site "San Francisco"]
[Date "2025.05.27"]
[Round "4.20"]
[White "Dutter, Frederic"]
[Black "Abraham, Michael David"]
[Result "1-0"]
[Annotator "Winslow,Elliott"]
[WhiteElo "1900"]
[BlackElo "1564"]
[PlyCount "47"]
[GameId "2182650047178712"]
[EventDate "2025.??.??"]

1. e4 c5 2. Nf3 Nc6 3. Bb5 d6 4. d4 cxd4 5. Qxd4 Bd7 6. Bxc6 bxc6 7. O-O Nf6 8. e5 dxe5 9. Nxe5 Qc7 10. Bf4 Qb7 11. Nxd7 Nxd7 12. Be3 e5 13. Qe4 Be7 {[#]} 14. f4 exf4 15. Bd4 Nf6 16. Bxf6 gxf6 17. Re1 Kf8 18. Nd2 Bc5+ 19. Kh1 Be3 20. Nc4 Re8 {[#]} 21. Qxe8+ Kxe8 22. Nd6+ Kd7 23. Nxb7 Bb6 24. Rad1+ 1-0

[Event "2nd Silman TNM: 1600-1999"]
[Site "San Francisco"]
[Date "2025.05.27"]
[Round "4.21"]
[White "Ochoa, Jason B"]
[Black "Smith, Robert H"]
[Result "1-0"]
[Annotator "Winslow,Elliott"]
[WhiteElo "1643"]
[BlackElo "1725"]
[PlyCount "75"]
[GameId "2182650047178713"]
[EventDate "2025.??.??"]

1. c4 c6 2. Nf3 d5 3. b3 e6 4. Bb2 f5 5. g3 Nf6 6. Bg2 Bd6 7. O-O O-O 8. d3 Nbd7 9. Nbd2 Qe7 10. Nd4 Ne5 11. Rc1 Bd7 12. N2f3 Ng6 13. e3 e5 14. Ne2 Rae8 15. cxd5 cxd5 16. Nc3 e4 17. dxe4 dxe4 18. Nd4 Ne5 19. Ndb5 Nd3 20. Nxd6 Qxd6 21. Ba1 Rc8 22. Rc2 h6 {one scoresheet, no clue as to what this move was} 23. Qd2 Qc6 24. Rd1 Rfd8 25. Bf1 Be8 26. Qe2 Bh5 27. Nxe4 Bxe2 28. Rxc6 Nxe4 29. Rxc8 Rxc8 30. Bxe2 Ndxf2 31. Bc4+ Kf8 32. Rd7 b5 33. Bxg7+ Ke8 34. Bxb5 a6 35. Ba4 Nh3+ 36. Kg2 Neg5 {seems like the wrong knight, but then 38.Bf6+ wouldn't be mate (not to mention hanging).} 37. Ra7+ Kd8 38. Bf6# 1-0

[Event "2nd Silman TNM: 1600-1999"]
[Site "San Francisco"]
[Date "2025.05.27"]
[Round "4.23"]
[White "Chan, John"]
[Black "Casares, Nick"]
[Result "1-0"]
[Annotator "Winslow,Elliott"]
[WhiteElo "1601"]
[BlackElo "1600"]
[PlyCount "121"]
[GameId "2182650047178714"]
[EventDate "2025.??.??"]

1. c4 e5 2. Nc3 Bb4 3. Nd5 Be7 4. a3 c6 5. Nc3 Nf6 6. e3 d5 7. cxd5 cxd5 8. Bb5+ Nc6 9. Nge2 O-O 10. Bxc6 bxc6 11. d4 e4 12. O-O Bd6 13. h3 Bd7 14. Kh1 Qc8 15. Ng1 g6 16. Nce2 Nh5 17. Nf4 Nf6 18. Bd2 a5 19. Rc1 Bxf4 20. exf4 Re8 21. Kh2 h5 22. Be3 Kg7 23. Ne2 {[#]} Ng4+ 24. hxg4 hxg4 25. g3 Rh8+ 26. Kg2 Rh3 27. Rh1 Qh8 28. Qd2 Qh7 29. Qe1 Rh8 30. Qg1 f5 31. b4 axb4 32. axb4 Qg8 33. Rxh3 Rxh3 34. Nc3 Qa8 35. Ra1 Qb8 36. Rb1 Qc8 37. Na4 Qa6 38. Nc5 Qe2 39. Qd1 Qf3+ 40. Qxf3 exf3+ 41. Kg1 Bc8 42. Ra1 Rh8 43. Ra7+ Kf6 44. Ra8 Ke7 45. Nd3 Kd6 46. Ne5 Rg8 47. Nf7+ Kc7 48. Ne5 Kb7 49. Ra3 Rg7 50. Nd3 Kb6 51. Ra5 Ba6 52. Nc5 Be2 53. Ne6 Rh7 54. Nf8 Rh6 55. Nd7+ Kc7 56. Ra7+ Kd6 57. Ne5 Ke6 58. Rc7 Bb5 (58... Bf1 59. b5) 59. Nxc6 Bf1 60. Nd8+ Kf6 $2 (60... Kd6 61. Ra7 $18 Rh5 (61... Rh3 62. b5 Bg2 63. Nf7+ Ke6 64. Ng5+) 62. b5 Bg2 63. Nf7+ Ke6 64. Ng5+ Kd6 65. Rh7) 61. Rf7# 1-0

[Event "2nd Silman TNM: 1600-1999"]
[Site "San Francisco"]
[Date "2025.05.27"]
[Round "4.25"]
[White "Stults, Sawyer"]
[Black "Agdamag, Samuel"]
[Result "1-0"]
[WhiteElo "1471"]
[BlackElo "1512"]
[PlyCount "37"]
[GameId "2182650047178715"]
[EventDate "2025.??.??"]

1. e4 e5 2. f4 d5 3. exd5 Qxd5 4. Nc3 Qd8 5. fxe5 Nc6 6. Bb5 Bd7 7. Nf3 Bb4 8. O-O Nge7 9. d4 Bxc3 10. bxc3 Nxe5 11. Nxe5 Bxb5 12. Rxf7 Qd6 13. Bg5 Qxe5 14. dxe5 Kxf7 15. Qf3+ Ke6 16. Qxb7 Bc6 17. Qxc7 Rae8 18. Qd6+ Kf7 19. Rf1+ 1-0

[Event "2nd Silman TNM: u1600"]
[Site "San Francisco"]
[Date "2025.05.27"]
[Round "4.26"]
[White "Merk, Felix Elias"]
[Black "Wickliffe, Zachary"]
[Result "1-0"]
[WhiteElo "1267"]
[BlackElo "1347"]
[PlyCount "45"]
[GameId "2182650047178716"]
[EventDate "2025.??.??"]

1. d4 Nf6 2. c4 c5 3. d5 b5 4. Nd2 Qa5 5. b3 e6 6. dxe6 fxe6 7. e3 bxc4 8. Bxc4 d5 9. Be2 Bd6 10. Bb2 O-O 11. Ngf3 Bb7 12. O-O Nc6 13. Nc4 Bxh2+ 14. Nxh2 dxc4 15. Bxc4 Rae8 16. Ng4 Ne4 17. Qd3 Nb4 18. Qd7 Nf6 19. Nxf6+ gxf6 20. Bxe6+ Rxe6 21. Qxe6+ Kg7 22. Rfd1 Bc6 23. Rd6 1-0

[Event "2nd Silman TNM: u1600"]
[Site "San Francisco"]
[Date "2025.05.27"]
[Round "4.27"]
[White "Hack, Richard"]
[Black "Vazquez, Dominic A"]
[Result "1/2-1/2"]
[Annotator "Hack,Richard"]
[WhiteElo "1500"]
[BlackElo "1217"]
[PlyCount "70"]
[GameId "2182610842187581"]
[EventDate "2025.??.??"]

1. e4 e6 2. d4 d5 3. Nc3 Nf6 4. e5 Nfd7 5. f4 c5 6. Nf3 Nc6 7. Be3 Qb6 8. Qd2 cxd4 9. Nxd4 a6 10. Nxc6 ({Now I could have won at least one pawn by playing} 10. Nxe6 $18 {with a discovered attack on the Black queen by my e3 bishop, but I just didn't look for it.}) 10... Qxc6 {(Gets his queen off the b-file.)} 11. Be2 Be7 12. O-O O-O 13. a3 Nc5 14. Rad1 b5 15. Bf3 Bb7 16. Bd4 Rac8 17. Rf2 Rfd8 18. Re2 Rd7 19. b4 Na4 20. Nxa4 bxa4 21. c3 a5 22. g4 {Finally getting some offense going.} Rdc7 23. f5 Ba6 24. Rg2 axb4 25. axb4 Bf8 26. f6 a3 27. Qg5 Qa4 28. Bc5 Rxc5 29. bxc5 Rxc5 30. fxg7 Bxg7 31. Qd8+ Bf8 {[#]} 32. g5 $4 $19 (32. Qg5+ $11) 32... Rc8 (32... Rxc3 $1) 33. Qf6 Bg7 34. Qe7 Bf8 {(He wasn't going to give me a chance to open up my rook or get a pawn check, so we finally agreed to a draw.)} 35. Qf6 Bg7 1/2-1/2